[Event "IV Zagreb Open 2019"]
[Site "Zagreb"]
[Date "2019.12.11"]
[Round "6.10"]
[White "Cvitan, Ognjen"]
[Black "Peng, Hongchi"]
[Result "1/2-1/2"]
[WhiteElo "2488"]
[BlackElo "2271"]
[Annotator "TA"]
[PlyCount "90"]
[EventDate "2019.12.07"]
[EventType "swiss"]
[EventCountry "CRO"]
[SourceTitle "playchess.com"]
[Source "ChessBase"]
[SourceQuality "1"]

{[%evp 10,90,29,29,34,32,28,28,25,29,38,37,50,32,75,75,75,71,164,72,78,72,87,93,408,407,392,367,314,264,262,108,109,102,141,135,137,123,116,106,112,107,100,92,70,28,28,25,57,50,115,0,0,0,0,0,0,0,0,0,0,0,0,0,0,0,0,0,0,0,0,0,0,0,0,0,0,0,0,0,0,0,0]} 1. d4 f5 2. g3 Nf6 3. Bg2 g6 4. Nf3 Bg7 5. O-O O-O 6. b3 b6 {A81: Dutch Defence: 2 g3} 7. Ne5 c6 8. Bb2 Bb7 {White has an edge.} 9. Nd2 $146 ({Predecessor:} 9. c4 d6 10. Nd3 Qc8 {0-1 (38) Bogner,S (2584)-Maghsoodloo,P (2656) Biel 2019}) 9... d6 10. Nd3 Qc8 11. c4 c5 12. d5 $36 {[%mdl 2048] White has strong initiative.} e5 13. e4 Nxe4 (13... Na6 $16 {is a better defense.}) 14. Nxe4 (14. Bxe4 $18 {has better winning chances.} fxe4 15. Nxe4) 14... fxe4 $16 15. Bxe4 Na6 16. f4 {[%cal Rf4e5]} exf4 $2 {[%mdl 8192]} (16... Nb4 $16 {is more resistant.}) 17. Bxg7 $18 Kxg7 18. Nxf4 {aiming for Ne6+.} Nc7 19. Qd3 {[%cal Re4g6]} Qg4 {[#]} 20. Qc3+ (20. Bg2 $1 $18 {and the rest is easy.}) 20... Kg8 $16 21. Bg2 {And now Bh3 would win.} Qg5 22. Rae1 {Hoping for h4.} Rae8 23. h4 Qh6 24. Bh3 Qg7 25. Qd2 Bc8 26. Bxc8 Rxc8 27. Ne6 Rxf1+ 28. Kxf1 Qf7+ 29. Kg2 Re8 (29... Nxe6 $14 30. dxe6 Qe7) 30. Nxc7 (30. Ng5 $16 Qg7 31. Rxe8+ Nxe8 32. Qe3) 30... Rxe1 $11 {The position is equal.} 31. Qxe1 Qxc7 $16 {[%mdl 4096] Endgame KQ-KQ} 32. Qe6+ Kg7 33. g4 Qd8 34. g5 h6 35. gxh6+ Kxh6 36. Kg3 Kg7 37. Kg4 Qf8 38. h5 gxh5+ 39. Kg5 {[#] Qg6+ is the strong threat.} Qd8+ 40. Kxh5 Qh8+ 41. Kg4 Qd8 42. Qf5 Qf6 43. Qg5+ Kf7 44. Qf5 Kg7 45. Qg5+ Kf7 {Accuracy: White = 59%, Black = 57%.} 1/2-1/2

[Event "IV Zagreb Open 2019"]
[Site "Zagreb"]
[Date "2019.12.11"]
[Round "6.11"]
[White "Pandurevic, Miro"]
[Black "Nguyen, Piotr"]
[Result "0-1"]
[WhiteElo "2227"]
[BlackElo "2413"]
[Annotator "TA"]
[PlyCount "136"]
[EventDate "2019.12.07"]
[EventType "swiss"]
[EventCountry "CRO"]
[SourceTitle "playchess.com"]
[Source "ChessBase"]
[SourceQuality "1"]

{[%evp 13,142,22,16,-1,26,19,28,-13,-20,-8,-18,-12,-19,-19,-25,-17,10,-4,4,6,8,2,2,0,0,-22,-35,-11,18,0,0,-10,-7,-18,329,312,306,-83,-72,-62,0,-19,-20,-100,-29,-100,-91,-170,-110,-137,-112,-147,-110,-117,-78,-103,-92,-89,-124,-233,-66,-53,-34,-20,-29,-73,-58,-139,-125,-129,-120,-94,-110,-137,-132,-133,-118,-127,-126,-152,-149,-454,-205,-484,-483,-485,-486,-483,-440,-452,-458,-584,-577,-554,-549,-491,0,-494,-498,-444,-424,-550,-537,-718,-710,-670,-762,-748,-752,-720,-725,-1122,-1104,-1331,-1419,-1425,-1393,-1427,-852,-1606,-1478,-2678,-1479,-1518,-772,-29986,-29987,-29990,-29991,-29993,-29994]} 1. c4 g6 2. g3 Bg7 3. Bg2 f5 4. Nc3 Nf6 5. d3 Nc6 6. Rb1 O-O 7. b4 e5 8. Nd5 $146 {A26: English Opening vs King's Indian with ...Nc6 and d3} ({Predecessor:} 8. b5 Ne7 9. Qb3 Kh8 10. Nf3 d6 11. Bg5 h6 12. Bxf6 Bxf6 13. O-O Be6 14. Nd2 c6 15. Qa3 Qd7 16. bxc6 bxc6 {1-0 (31) Kovalenko,I (2664)-Giorgadze,G (2584) Liepaja 2016}) 8... Nd4 9. e3 Ne6 10. Ne2 {White has an edge.} Nh5 11. f4 c6 12. Ndc3 exf4 13. exf4 Nf6 14. O-O a6 15. Kh1 d5 16. cxd5 cxd5 17. Qb3 {[%cal Rc3d5]} d4 18. Nd5 $36 {[%mdl 2048] White has the initiative.} Kh8 19. Bb2 Nxd5 20. Qxd5 Qb6 21. Rfc1 Rd8 22. Qb3 Bd7 23. a4 Bc6 $2 {[%mdl 8192]} (23... Rac8 $11) 24. Bxc6 $18 bxc6 25. Rc4 $2 ({White must play} 25. Qxe6 $18 Re8 26. Qxc6 Qxc6+ 27. Rxc6 Rxe2 28. b5) 25... c5 26. Kg1 Re8 (26... Qb7 $1 $15) 27. Ba3 {[%cal Rb4c5]} Rab8 28. Qd1 (28. Qc2 $1 $11) 28... Bf8 (28... Qc6 $17 29. Qf1 Qxa4) 29. Bb2 (29. Rb2 $1 $11 {remains equal.}) 29... cxb4 30. Rbc1 (30. Qc1 $17) 30... Qd6 (30... b3 $19 31. h3 Qa5) 31. Qb3 $17 {[%cal Re2d4]} Bg7 32. Rc6 Qe7 33. R1c2 a5 34. Kf1 Qd7 35. Ng1 g5 $1 {[%cal Rg5f4]} 36. fxg5 (36. Qc4 $17 gxf4 37. Re2 fxg3 38. hxg3) 36... Nxg5 $2 (36... f4 $1 $19 {[%cal Rf4g3] White must now prevent ...fxg3.} 37. Bc1 fxg3 38. hxg3 Nd8) 37. Rc7 Qe6 38. Qxe6 Nxe6 39. Ra7 Rbc8 40. Re2 {[#]} (40. Rxc8 $15 Rxc8 41. Nf3) 40... Nc5 $1 {[%cal Rc5d3]} 41. Rxe8+ Rxe8 42. Nf3 b3 ({Don't play} 42... Nxd3 43. Bxd4 Bxd4 44. Nxd4 $11) 43. Ba3 Nxd3 {Strongly threatening ...h6.} 44. Rb7 {[#]} Bf6 $1 {Threatens to win with ...Re3.} 45. Rxb3 Re3 46. Rb8+ Kg7 47. Ng1 $2 {[%mdl 8192]} (47. Kg2 $17 {is a better chance.}) 47... Re1+ $19 48. Kg2 Ra1 49. Bf8+ Kf7 {And now ...Ra2+ would win.} 50. Nf3 Ra2+ 51. Kg1 Rxa4 52. Bh6 Ra1+ 53. Kg2 Ra2+ 54. Kg1 Ra1+ 55. Kg2 a4 56. Rb7+ Kg6 57. Bd2 Ra2 {aiming for ...Bg5!} 58. Kf1 Nc5 59. Rb6 Ne4 60. Be1 Kf7 61. Rb7+ Ke6 62. Rxh7 d3 63. Ra7 Ra1 64. Ra6+ Kd5 65. Kg2 a3 66. Ra5+ Kc4 67. Rxf5 a2 68. Ra5 {[#]} Bc3 {Played: Ra1xe1} 0-1

[Event "IV Zagreb Open 2019"]
[Site "Zagreb"]
[Date "2019.12.12"]
[Round "7.1"]
[White "Kozul, Zdenko"]
[Black "Plenca, Jadranko"]
[Result "1-0"]
[WhiteElo "2590"]
[BlackElo "2453"]
[Annotator "ChessBase"]
[PlyCount "81"]
[EventDate "2019.12.07"]
[EventType "swiss"]
[EventCountry "CRO"]
[SourceTitle "playchess.com"]
[Source "ChessBase"]
[SourceQuality "1"]
[TimeControl "40/5400+30:1800+30"]

1. d4 {[%emt 0:00:00]} Nf6 {[%emt 0:00:01]} 2. c4 {[%emt 0:00:00]} e6 {[%emt 0:00:10]} 3. Nf3 {[%emt 0:00:51]} Bb4+ {[%emt 0:00:37]} 4. Nbd2 {[%emt 0:00:47]} O-O {[%emt 0:00:38]} 5. a3 {[%emt 0:00:19]} Be7 {[%emt 0:00:05]} 6. e4 {[%emt 0:00:44]} d5 {[%emt 0:00:12]} 7. e5 {[%emt 0:00:30]} Nfd7 {[%emt 0:00:15]} 8. Bd3 {[%emt 0:00:46]} c5 {[%emt 0:00:24]} 9. h4 {[%emt 0:00:45]} g6 {[%emt 0:00:35]} 10. O-O {[%emt 0:01:29]} Nc6 {[%emt 0:05:36]} 11. Re1 {[%emt 0:01:34]} a5 {[%emt 0:09:45]} 12. h5 {[%emt 0:13:27]} cxd4 {[%emt 0:03:26]} 13. Qc2 {[%emt 0:12:58]} Nc5 {[%emt 0:35:17]} 14. hxg6 {[%emt 0:05:21]} fxg6 {[%emt 0:07:32]} 15. Bxg6 {[%emt 0:01:12]} hxg6 {[%emt 0:04:11]} 16. Qxg6+ {[%emt 0:00:31]} Kh8 {[%emt 0:00:05]} 17. Nxd4 {[%emt 0:12:29]} Nxd4 {[%emt 0:05:23]} 18. Re3 {[%emt 0:01:01]} Bh4 {[%emt 0:01:29]} 19. Rh3 {[%emt 0:06:31]} Nf5 {[%emt 0:13:57]} 20. Nf3 {[%emt 0:00:53]} Qe8 {[%emt 0:04:35]} 21. Qg4 {[%emt 0:00:57]} Rf7 {[%emt 0:04:41]} 22. Nxh4 {[%emt 0:01:23]} Rh7 {[%emt 0:00:29]} 23. Ng6+ {[%emt 0:00:12]} Kg8 {[%emt 0:00:16]} 24. Ne7+ {[%emt 0:14:48]} Kh8 {[%emt 0:00:06]} 25. Bg5 {[%emt 0:00:09]} Ne4 {[%emt 0:00:57]} 26. Rxh7+ {[%emt 0:00:50]} Kxh7 {[%emt 0:00:04]} 27. Qh3+ {[%emt 0:00:04]} Kg7 {[%emt 0:00:06]} 28. Nxf5+ {[%emt 0:00:12]} exf5 {[%emt 0:00:06]} 29. Qh6+ {[%emt 0:00:10]} Kf7 {[%emt 0:02:01]} 30. Qh7+ {[%emt 0:03:56]} Ke6 {[%emt 0:00:04]} 31. cxd5+ {[%emt 0:00:04]} Kxd5 {[%emt 0:00:43]} 32. Qc7 {[%emt 0:00:20]} Qa4 {[%emt 0:01:28]} 33. Rc1 {[%emt 0:03:42]} Nxg5 {[%emt 0:00:29]} 34. Qc5+ {[%emt 0:00:25]} Ke4 {[%emt 0:00:41]} 35. Rc4+ {[%emt 0:03:36]} Qxc4 {[%emt 0:00:04]} 36. Qxc4+ {[%emt 0:00:05]} Kxe5 {[%emt 0:00:03]} 37. f4+ {[%emt 0:00:05]} Kf6 {[%emt 0:00:04]} 38. Qc3+ {[%emt 0:00:04]} Kg6 {[%emt 0:00:52]} 39. Qg3 {[%emt 0:00:09]} Ra6 {[%emt 0:00:36]} 40. Qxg5+ {[%emt 0:00:00]} Kf7 {[%emt 0:00:00]} 41. Qd8 {[%emt 0:00:56]} 1-0

[Event "IV Zagreb Open 2019"]
[Site "Zagreb"]
[Date "2019.12.12"]
[Round "7.2"]
[White "Strikovic, Aleksa"]
[Black "Nikolov, Momchil"]
[Result "1/2-1/2"]
[WhiteElo "2468"]
[BlackElo "2533"]
[Annotator "ChessBase"]
[PlyCount "96"]
[EventDate "2019.12.07"]
[EventType "swiss"]
[EventCountry "CRO"]
[SourceTitle "playchess.com"]
[Source "ChessBase"]
[SourceQuality "1"]
[TimeControl "40/5400+30:1800+30"]

1. c4 {[%emt 0:01:06]} Nf6 {[%emt 0:00:00]} 2. Nc3 {[%emt 0:00:14]} c5 {[%emt 0:00:26]} 3. Nf3 {[%emt 0:00:09]} d5 {[%emt 0:00:04]} 4. cxd5 {[%emt 0:00:06]} Nxd5 {[%emt 0:00:06]} 5. d4 {[%emt 0:00:05]} e6 {[%emt 0:00:49]} 6. e4 {[%emt 0:00:32]} Nxc3 {[%emt 0:00:14]} 7. bxc3 {[%emt 0:00:05]} cxd4 {[%emt 0:00:06]} 8. cxd4 {[%emt 0:00:05]} Bb4+ {[%emt 0:00:06]} 9. Bd2 {[%emt 0:00:06]} Bxd2+ {[%emt 0:00:07]} 10. Qxd2 {[%emt 0:00:04]} O-O {[%emt 0:00:08]} 11. Bc4 {[%emt 0:00:38]} Nd7 {[%emt 0:00:21]} 12. O-O {[%emt 0:00:43]} b6 {[%emt 0:00:06]} 13. Rfe1 {[%emt 0:07:50]} Bb7 {[%emt 0:00:08]} 14. Qf4 {[%emt 0:05:59]} Rc8 {[%emt 0:01:17]} 15. Bb3 {[%emt 0:03:51]} Qf6 {[%emt 0:07:24]} 16. Qg3 {[%emt 0:17:09]} Rc3 {[%emt 0:04:39]} 17. Rad1 {[%emt 0:01:08]} Rd8 {[%emt 0:08:03]} 18. h4 {[%emt 0:08:19]} h6 {[%emt 0:04:01]} 19. h5 {[%emt 0:02:16]} Nf8 {[%emt 0:07:29]} 20. d5 {[%emt 0:13:53]} exd5 {[%emt 0:01:21]} 21. exd5 {[%emt 0:00:02]} a5 {[%emt 0:07:18]} 22. Qe5 {[%emt 0:07:53]} Nd7 {[%emt 0:00:30]} 23. Qe7 {[%emt 0:00:30]} Nc5 {[%emt 0:00:30]} 24. Qxf6 {[%emt 0:00:30]} gxf6 {[%emt 0:00:30]} 25. Re7 {[%emt 0:00:30]} Bc8 {[%emt 0:00:30]} 26. Nd4 {[%emt 0:00:30]} Nxb3 {[%emt 0:00:30]} 27. Nxb3 {[%emt 0:00:30]} Be6 {[%emt 0:00:30]} 28. d6 {[%emt 0:00:30]} a4 {[%emt 0:00:30]} 29. Nc1 {[%emt 0:00:30]} Rc6 {[%emt 0:00:30]} 30. a3 {[%emt 0:00:30]} Rdxd6 {[%emt 0:00:30]} 31. Rxd6 {[%emt 0:00:30]} Rxd6 {[%emt 0:00:30]} 32. Ne2 {[%emt 0:00:30]} Rd3 {[%emt 0:00:30]} 33. Rb7 {[%emt 0:00:30]} Rxa3 {[%emt 0:00:30]} 34. Rxb6 {[%emt 0:00:30]} Ra1+ {[%emt 0:00:30]} 35. Kh2 {[%emt 0:00:30]} a3 {[%emt 0:00:30]} 36. Ra6 {[%emt 0:00:30]} a2 {[%emt 0:00:30]} 37. Nc3 {[%emt 0:00:30]} Kf8 {[%emt 0:00:30]} 38. Kg3 {[%emt 0:00:30]} Ke7 {[%emt 0:00:30]} 39. f3 {[%emt 0:00:30]} Kd7 {[%emt 0:00:30]} 40. Kf4 {[%emt 0:00:30]} Kc7 {[%emt 0:00:30]} 41. Nxa2 {[%emt 0:30:30]} Rxa2 {[%emt 0:30:30]} 42. Rxa2 {[%emt 0:00:30]} Bxa2 {[%emt 0:00:30]} 43. Kf5 {[%emt 0:00:30]} Kd7 {[%emt 0:00:30]} 44. Kxf6 {[%emt 0:00:30]} Ke8 {[%emt 0:00:30]} 45. Kg7 {[%emt 2:09:13]} Bd5 46. Kxh6 {[%emt 0:00:00]} Kf8 {[%emt 0:42:32]} 47. Kg5 {[%emt 0:00:00]} Kg7 {[%emt 0:00:07]} 48. Kf4 {[%emt 0:00:00]} Kh6 {[%emt 0:02:13]} 1/2-1/2

[Event "IV Zagreb Open 2019"]
[Site "Zagreb"]
[Date "2019.12.12"]
[Round "7.3"]
[White "Kovacevic, Blazimir"]
[Black "Kotronias, Vasilios"]
[Result "1/2-1/2"]
[WhiteElo "2453"]
[BlackElo "2506"]
[Annotator "TA"]
[PlyCount "52"]
[EventDate "2019.12.07"]
[EventType "swiss"]
[EventCountry "CRO"]
[SourceTitle "playchess.com"]
[Source "ChessBase"]
[SourceQuality "1"]

{[%evp 14,52,8,4,26,0,0,-16,-12,-18,-30,-34,0,0,23,21,17,21,45,29,88,87,89,38,50,43,75,82,69,69,79,71,71,71,68,60,66,0,0,0,0]} 1. d4 Nf6 2. Nf3 g6 3. Nbd2 Bg7 4. e4 d6 5. Bd3 O-O 6. O-O Nc6 7. c3 e5 8. Re1 a5 {B07: Pirc Defence: Miscellaneous Systems} (8... exd4 9. Nxd4 Nxd4 10. cxd4 c5 11. dxc5 dxc5 12. Nf3 Be6 13. Qe2 Re8 14. Be3 Rc8 15. Rad1 Qc7 16. b3 {1-0 (46) Vachier Lagrave,M (2775)-Nakamura,H (2754) Paris 2019}) 9. a4 exd4 10. cxd4 Nb4 11. Bb1 Re8 12. h3 Bd7 $146 ({Predecessor:} 12... b6 13. Nf1 Bb7 14. Ng3 Qd7 15. Ra3 h6 16. Bf4 {1-0 (32) Anton,T (2418)-Banzea,A (2258) Olanesti 2016}) 13. Ra3 Bc6 14. d5 Bd7 15. Nc4 Qb8 16. Bd2 b5 (16... b6 $11 {remains equal.}) 17. axb5 $16 Qxb5 18. Qb3 (18. Qc1 $16) 18... Reb8 {Black wants to play ...a4.} 19. Nxa5 Rxa5 20. Qxb4 Qxb4 21. Bxb4 Ra4 22. Rxa4 Bxa4 23. Bc3 Nd7 24. Nd4 Nc5 25. Rc1 (25. f3 $14) 25... Bxd4 $11 26. Bxd4 Nb3 {[%mdl 64] Double Attack. Accuracy: White = 58%, Black = 53%.} 1/2-1/2

[Event "IV Zagreb Open 2019"]
[Site "Zagreb"]
[Date "2019.12.12"]
[Round "7.4"]
[White "Enchev, Ivajlo"]
[Black "Drnovsek, Gal"]
[Result "1-0"]
[WhiteElo "2482"]
[BlackElo "2388"]
[Annotator "TA"]
[PlyCount "63"]
[EventDate "2019.12.07"]
[EventType "swiss"]
[EventCountry "CRO"]
[SourceTitle "playchess.com"]
[Source "ChessBase"]
[SourceQuality "1"]

{[%evp 14,63,36,27,40,28,38,22,26,38,29,32,32,21,27,17,23,18,17,22,27,4,12,0,38,16,24,0,0,-15,52,52,52,52,54,53,52,54,60,64,70,52,75,62,88,85,465,457,586,574,547,534]} 1. d4 Nf6 2. c4 e6 3. Nf3 d5 4. g3 Be7 5. Bg2 O-O 6. O-O dxc4 7. Ne5 c5 8. dxc5 Qc7 {E05: Open Catalan: 5 Nf3 Be7} 9. Nxc4 Rd8 10. Qb3 Nc6 {The position is equal.} 11. Be3 {Threatens to win with Nc3.} Nd4 12. Bxd4 $1 Rxd4 13. Nbd2 (13. Nba3 Qxc5 14. Rac1 Rd8 15. Qb5 Rb8 16. Qxc5 Bxc5 17. Na5 Bb6 18. N5c4 Bc5 19. Na5 Bb6 20. N5c4 {½-½ (20) Mchedlishvili,M (2607)-Kovalev,V (2664) Batumi 2018}) 13... Bxc5 14. Rac1 Rd8 15. Ne4 Nxe4 16. Bxe4 g6 17. Rc2 $146 ({Predecessor:} 17. Rfd1 Rxd1+ 18. Rxd1 Rb8 19. Qc3 {½-½ (19) Maitre,F (2293)-Oliynyk,V (2284) ICCF email 2015}) 17... Bf8 18. f4 Qc5+ 19. e3 Rb8 20. Rfc1 Bd7 21. Ne5 Qb4 (21... Qa5 $11) 22. Qxb4 $14 Bxb4 23. Rd1 $36 {[%mdl 2048] White has the initiative.} Bb5 24. Rxd8+ Rxd8 25. Bxb7 f6 26. Nf3 Bd3 27. Rc7 Bd6 28. Rc1 Kf7 29. Nd4 Rb8 $2 {[%mdl 8192] [#]} (29... e5 $16) 30. Nc6 $1 $18 {[%csl LRa7,LRb8][%mdl 64] Double Attack. White is clearly winning.} Be4 31. Nxb8 {[%mdl 64] Discovered Attack} Bxb7 32. Nc6 {Accuracy: White = 68%, Black = 42%.} 1-0

[Event "IV Zagreb Open 2019"]
[Site "Zagreb"]
[Date "2019.12.12"]
[Round "7.5"]
[White "Livaic, Leon"]
[Black "Bukal, Vladimir Jr."]
[Result "1-0"]
[WhiteElo "2505"]
[BlackElo "2393"]
[Annotator "TA"]
[PlyCount "53"]
[EventDate "2019.12.07"]
[EventType "swiss"]
[EventCountry "CRO"]
[SourceTitle "playchess.com"]
[Source "ChessBase"]
[SourceQuality "1"]

{[%evp 9,53,22,35,26,39,-21,18,21,75,80,74,66,53,75,75,67,79,75,74,85,76,86,83,78,84,79,90,88,98,99,113,132,114,127,186,197,175,186,203,193,218,204,216,216,272,269]} 1. d4 d5 2. c4 Nc6 3. Nc3 Nf6 4. Nf3 dxc4 5. Bg5 h6 6. Bh4 {[%mdl 1024] White has compensation. D07: Queen's Gambit: Chigorin Defence} a6 7. d5 (7. e4 $1 $14) 7... Na7 8. e4 {The position is equal.} b5 (8... Nb5 $11 {keeps the balance.}) (8... Nb5 9. Qc2 Nxc3 10. bxc3 b5 11. a4 g5 12. Bg3 Bg7 13. Nd4 Bd7 {0-1 (42) Basso,P (2516)-Chatalbashev,B (2546) Ferreira do Alentejo 2018}) 9. e5 $16 b4 $146 ({Predecessor:} 9... g5 10. Bg3 Nh5 11. e6 Nxg3 12. Ne5 Bg7 13. Nxf7 Nxh1 14. Nxh8 Kf8 15. Nf7 Qe8 16. Qf3 Kg8 17. Qf5 Bxc3+ 18. bxc3 Qf8 19. Nxh6+ {½-½ (19) Kuchynka,L (2256)-Myc,M (2285) Brno 2015}) 10. Qa4+ Qd7 11. Qxb4 Nxd5 12. Nxd5 Qxd5 13. Bxc4 e6 {[#]} 14. Qxf8+ $1 Rxf8 15. Bxd5 exd5 16. Rc1 c6 17. O-O Rb8 18. b3 Rb4 19. Rfd1 Re4 20. h3 Be6 21. Bg3 Re2 (21... Kd7 $16 {was called for.}) 22. a4 $18 Rb2 23. Nd4 g5 24. f3 ({Much less strong is} 24. Nxc6 $6 Nxc6 25. Rxc6 Kd7 $16) 24... Kd7 25. Bf2 Ra8 26. Rc3 Kc7 27. Ra1 {Accuracy: White = 87%, Black = 44%.} 1-0

[Event "IV Zagreb Open 2019"]
[Site "Zagreb"]
[Date "2019.12.12"]
[Round "7.6"]
[White "Nguyen, Piotr"]
[Black "Bertok, Mario Jr."]
[Result "1-0"]
[WhiteElo "2413"]
[BlackElo "2055"]
[Annotator "ChessBase"]
[PlyCount "103"]
[EventDate "2019.12.07"]
[EventType "swiss"]
[EventCountry "CRO"]
[SourceTitle "playchess.com"]
[Source "ChessBase"]
[SourceQuality "1"]
[TimeControl "40/5400+30:1800+30"]

1. d4 {[%emt 0:00:00]} Nf6 {[%emt 0:00:19]} 2. Nf3 {[%emt 0:00:25]} e6 {[%emt 0:00:39]} 3. Bg5 {[%emt 0:00:42]} c5 {[%emt 0:03:05]} 4. e3 {[%emt 0:00:09]} cxd4 {[%emt 0:01:11]} 5. exd4 {[%emt 0:00:07]} Be7 {[%emt 0:00:49]} 6. c3 {[%emt 0:02:54]} b6 {[%emt 0:01:44]} 7. Nbd2 {[%emt 0:02:32]} Bb7 {[%emt 0:00:55]} 8. Bd3 {[%emt 0:04:18]} a6 {[%emt 0:04:08]} 9. O-O {[%emt 0:01:38]} O-O {[%emt 0:01:27]} 10. Re1 {[%emt 0:00:59]} Nd5 {[%emt 0:03:45]} 11. Bxe7 {[%emt 0:01:27]} Qxe7 {[%emt 0:01:23]} 12. Nf1 {[%emt 0:10:16]} d6 {[%emt 0:07:36]} 13. Ng3 {[%emt 0:04:11]} Nf6 {[%emt 0:04:06]} 14. Bc2 {[%emt 0:04:44]} Qc7 {[%emt 0:01:39]} 15. Qd3 {[%emt 0:02:58]} Nbd7 {[%emt 0:01:46]} 16. Ng5 {[%emt 0:09:27]} h6 {[%emt 0:06:46]} 17. N5e4 {[%emt 0:00:46]} Rfe8 {[%emt 0:03:12]} 18. Qf3 {[%emt 0:09:48]} Nxe4 {[%emt 0:10:45]} 19. Bxe4 {[%emt 0:00:05]} Bxe4 {[%emt 0:00:10]} 20. Rxe4 {[%emt 0:04:57]} Rac8 {[%emt 0:07:33]} 21. Nh5 {[%emt 0:05:52]} Nf8 {[%emt 0:03:04]} 22. Rg4 {[%emt 0:02:47]} Ng6 {[%emt 0:00:36]} 23. h4 {[%emt 0:00:10]} Kh7 {[%emt 0:11:27]} 24. Nxg7 {[%emt 0:01:30]} Kxg7 {[%emt 0:00:02]} 25. h5 {[%emt 0:00:06]} Rg8 {[%emt 0:01:59]} 26. Re1 {[%emt 0:02:47]} Kh7 {[%emt 0:03:05]} 27. hxg6+ {[%emt 0:01:55]} Rxg6 {[%emt 0:00:24]} 28. Rxg6 {[%emt 0:00:08]} Kxg6 {[%emt 0:00:02]} 29. Qd3+ {[%emt 0:06:03]} Kg7 {[%emt 0:01:28]} 30. Qxa6 {[%emt 0:00:04]} Rg8 {[%emt 0:03:09]} 31. Re3 {[%emt 0:02:22]} Kh8 {[%emt 0:00:36]} 32. Qd3 {[%emt 0:04:04]} Rg5 {[%emt 0:00:13]} 33. Rg3 {[%emt 0:02:20]} Kg7 {[%emt 0:02:23]} 34. Qe3 {[%emt 0:02:38]} Kf6 {[%emt 0:03:05]} 35. Qf4+ {[%emt 0:01:30]} Kg6 {[%emt 0:00:16]} 36. Qe4+ {[%emt 0:00:15]} Kg7 {[%emt 0:00:57]} 37. Qh4 {[%emt 0:01:32]} Kg6 {[%emt 0:01:17]} 38. Rh3 {[%emt 0:00:48]} h5 {[%emt 0:00:52]} 39. f4 {[%emt 0:00:37]} Rf5 {[%emt 0:04:54]} 40. g4 {[%emt 0:00:00]} Ra5 {[%emt 0:00:00]} 41. f5+ {[%emt 0:06:10]} exf5 {[%emt 0:06:34]} 42. Qxh5+ {[%emt 0:01:06]} Kf6 {[%emt 0:00:35]} 43. g5+ {[%emt 0:09:16]} Ke6 {[%emt 0:02:44]} 44. Re3+ {[%emt 0:00:12]} Kd5 {[%emt 0:00:38]} 45. Qf3+ {[%emt 0:00:09]} Kc4 {[%emt 0:00:13]} 46. Qf1+ {[%emt 0:01:14]} Kd5 {[%emt 0:00:32]} 47. Qf3+ {[%emt 0:04:42]} Kc4 {[%emt 0:00:14]} 48. Qe2+ {[%emt 0:00:03]} Kd5 {[%emt 0:00:08]} 49. Re7 {[%emt 0:00:20]} Qd8 {[%emt 0:02:27]} 50. Qf3+ {[%emt 0:01:57]} Kc4 {[%emt 0:00:20]} 51. b3+ {[%emt 0:00:14]} Kb5 {[%emt 0:00:25]} 52. a4+ {[%emt 0:00:21]} 1-0

[Event "IV Zagreb Open 2019"]
[Site "Zagreb"]
[Date "2019.12.12"]
[Round "7.7"]
[White "Pavic, Filip"]
[Black "Rudolf, Michal"]
[Result "1/2-1/2"]
[WhiteElo "2238"]
[BlackElo "2328"]
[Annotator "TA"]
[PlyCount "74"]
[EventDate "2019.12.07"]
[EventType "swiss"]
[EventCountry "CRO"]
[SourceTitle "playchess.com"]
[Source "ChessBase"]
[SourceQuality "1"]

{[%evp 9,74,9,7,0,10,0,11,5,7,2,48,32,31,25,56,50,98,90,95,0,72,0,0,9,100,105,105,109,83,91,129,113,112,110,150,135,137,147,140,144,173,185,200,221,291,272,266,239,456,450,445,429,422,318,351,357,311,213,186,170,167,159,166,164,150,128,119]} 1. e4 c6 2. d4 d5 3. e5 c5 4. dxc5 e6 5. Be3 Nd7 6. Bb5 {B12: Caro-Kann: Advance Variation} (6. Nf3 Bxc5 7. Bxc5 Nxc5 8. Qd4 Qb6 9. a4 Ne7 10. a5 Qc7 11. Qc3 Bd7 12. b4 Na6 13. Qb2 O-O {½-½ (31) Ter Sahakyan,S (2590)-Ponomariov,R (2667) Skopje 2019}) 6... Ne7 7. c3 a6 8. Ba4 {The position is equal.} Nf5 9. Bd4 Qc7 10. b4 Be7 $146 ({Predecessor:} 10... a5 11. a3 Be7 12. Nf3 O-O 13. O-O axb4 14. Bxd7 Nxd4 15. cxd4 Bxd7 {0-1 (34) Samuelson,A (2188)-Shmeliov,D (2436) Parsippany 2013}) 11. Nf3 $36 {[%mdl 2048] White has good play.} O-O 12. Bc2 b6 13. cxb6 $1 Nxb6 14. Nbd2 (14. Bxf5 $1 $16 exf5 15. O-O) 14... a5 (14... Nxd4 $11 15. cxd4 Bd7) 15. b5 ({White should play} 15. Bxf5 $1 $16 {Strongly threatening Bd3.} exf5 16. b5) 15... Nxd4 $11 16. cxd4 Bd7 (16... a4 $1 $11) 17. a4 $16 Rac8 18. Ra2 f5 19. exf6 Bxf6 20. Qe2 Qc3 {[#]} 21. O-O $1 g6 22. Re1 Bxd4 23. Nxd4 Qxd4 {[#]} 24. Nf3 $1 {[%cal Rf3d4]} Qf6 25. Ne5 Kg7 26. Bd3 Rc7 27. Qe3 Rb7 28. g3 Bc8 $2 (28... Kg8 {was necessary.} 29. Bf1 Qf5) 29. Ng4 $18 Qe7 30. Qd4+ ({Less strong is} 30. Qe5+ Kf7 $18) 30... Kf7 31. Ne5+ Kg8 32. Nc6 Qg7 33. Qxg7+ Kxg7 34. Nxa5 Ra7 35. Nc6 Rxa4 36. Rxa4 Nxa4 37. Ne5 Bb7 {Accuracy: White = 53%, Black = 31%.} 1/2-1/2